| 000 | 00857cai a22001935a 4500 | ||
|---|---|---|---|
| 001 | L155035 | ||
| 008 | 120221u2012 xxk f 000 0 eng d | ||
| 035 | _a(Sirsi) u155035 | ||
| 041 | 0 | _aeng | |
| 110 | 2 |
_aStatistics Canada _96024 |
|
| 245 | 0 | 0 |
_aStatistics Canada _h[electronic resource] |
| 260 |
_aOttawa _bStatistics Canada _c2012 |
||
| 520 | _aConstruction statistics for Canada includes construction (general), construction materials, machinery and equipment, non-residential building construction, non-residential engineering construction, residential construction, and all subtopics for Construction. | ||
| 590 | _aKA | ||
| 651 | 4 | _aCanada | |
| 690 |
_aCost management _96233 |
||
| 856 | 4 | 0 |
_uhttps://www5.statcan.gc.ca/subject-sujet/theme-theme.action?pid=2162&lang=eng&more=0 _zView the website free of charge at www5.statcan.gc.ca |
| 942 | _n0 | ||
| 999 |
_c120948 _d120948 |
||